LEADER 00993nam0-22003611i-450- 001 990000451410403321 005 20100205101228.0 010 $a0-12-614450-8 035 $a000045141 035 $aFED01000045141 035 $a(Aleph)000045141FED01 035 $a000045141 100 $a20020821d1971----km-y0itay50------ba 101 0 $aeng 105 $aa-------001yy 200 1 $aSystem identification$fAndrew P. Sage, James L. Melsea 210 $aNew York ; London$cAcademic Press$d1971 215 $a221 p.$cill.$d23 cm 225 1 $aMathematics in science and engineering$v80 610 0 $aAnalisi dei sistemi 676 $a621.392 700 1$aSage,$bAndrew P. 701 1$aMelsea,$bJames L. 801 0$aIT$bUNINA$gRICA$2UNIMARC 901 $aBK 912 $a990000451410403321 952 $a10 D III 554$b7155$fDINEL 952 $aC-26-(80$b11091$fMA1 952 $a04 022-31$bIRC 382/L$fDINCH 959 $aDINEL 959 $aMA1 959 $aDINCH 997 $aUNINA LEADER 00788nam a2200229 i 4500 001 991000495309707536 008 040227s1996 it 000 0 ita d 020 $a8817106259 035 $ab12625462-39ule_inst 040 $aDip.to Filologia Ling. e Lett.$bita 100 1 $aBaricco, Alessandro$0160567 245 10$aSeta /$cAlessandro Baricco 260 $aMilano :$bBiblioteca Universitaria Rizzoli ;$cc1996 300 $a65 p. ;$c20 cm 440 0$aBUR/LaScala 650 4$aRomanzo 907 $a.b12625462$b21-09-06$c27-02-04 912 $a991000495309707536 945 $aLE008 LLI O VII 1$g1$i2008000038595$lle008$nPerrone$o-$pE0.00$q-$rl$s- $t0$u2$v0$w2$x0$y.i13119357$z27-02-04 996 $aSeta$9276051 997 $aUNISALENTO 998 $ale008$b27-02-04$cm$da $e-$fita$git $h0$i0